Návrh tlakovej nádoby podľa ČSN 690010. Kontrola a deformácia nádoby metódou konečných prvkov : Diplomová práca

Na minha lista:
Detalhes bibliográficos
Autor principal: Mádr, Miroslav (Author)
Outros Autores: Bielik, Ján, 1980- (xxx)
Formato: Manuscrito Livro
Idioma:eslovaco
Publicado em: Trnava : STU v Bratislave MtF KAI, 1994
Assuntos:
Tags: Adicionar Tag
Sem tags, seja o primeiro a adicionar uma tag!

MARC

LEADER 00000ntm a22000003a 4500
001 stu55549
005 20160719155142.4
008 001107s1994----xo------------------slo-d
040 |a STU  |b slo 
041 0 |a slo 
044 |a xo 
100 1 |a Mádr, Miroslav  |4 aut 
245 1 |a Návrh tlakovej nádoby podľa ČSN 690010. Kontrola a deformácia nádoby metódou konečných prvkov :  |b Diplomová práca 
260 |a Trnava :  |b STU v Bratislave MtF KAI,  |c 1994 
300 |a 63 s  |c výťah 
650 7 |a Nádoby tlakové-kontrola-deformácie  |2 stusub 
650 7 |a Automatizácia a robototechnológia  |2 stusub 
700 1 |a Bielik, Ján,  |d 1980-  |4 xxx  |X 18058  |7 A000018058 
996 |b 284M025527  |c M*DP-1325  |l MMSKP  |s P  |a 0  |w stu55549_0001